000 00500nam a2200169 i 4500
001 102479
003 ES-MaACL
005 20230906183122.0
007 t|
008 051111s1904 fr ||||1| fre d
100 1 _aMeredith, Georges.
_980477
245 1 2 _aL'Egoïste /
_cGeorges Meredth; traduit de l'anglais par Maurice Strauss.
260 _aAlençon (Paris) :
_bV. Felix Guy et C.,
_c1904.
300 _a870 p. ;
_c19 cm.
700 1 _aStrauss, Maurice.
_9108402
852 _aES-MaACL
_jF-9063
999 _c102479
_d102479